Statistics for Botswana Country Quiz

Click here to take the quiz!

General Stats

  • This quiz has been taken 8,206 times
    (8,067 since last reset)
  • The average score is 12 of 16

Answer Stats

ClueAnswer% Correct
Official languagesEnglish
97%
Bordering countrySouth Africa
97%
Approximately 22% of adults are positive for this virusHIV
96%
Country from which Botswana gained its independence in 1966United Kingdom
96%
Bordering countryZimbabwe
95%
Botswana has more of these large animals living in the wild than any other countryElephants
94%
Bordering countryNamibia
94%
Bordering countryZambia
94%
What accounts for 62% of Botswana's exports (hint: comes from mines)Diamonds
84%
About half of Botswana's territory lies in this desertKalahari
82%
Indigenous Khoisan languages are unusual in that they frequently
use these sounds
Clicks
70%
Capital of BotswanaGaborone
69%
The Okavango River is interesting in that it has a ____, but does not reach the seaDelta
69%
Official languagesSetswana
39%
River that flows along Botswana's southern border before emptying into
the Indian Ocean
Limpopo River
27%
Currency of BotswanaPula
24%

Score Distribution

Percentile by Number Answered

Percent of People with Each Score

Your Score History

You have not taken this quiz since the last reset